API specification for pipeline valves /

Guardado en:
Autor Corporativo: American Petroleum Institute.
Formato: Libro
Idioma:English
Publicado: Washington, D.C. : API, 1978.
Edición:17th ed.
Series:Spec 6D
Materias:
Etiquetas: Agregar Etiqueta
Sin Etiquetas, Sea el primero en etiquetar este registro!
LEADER 00776nam a22002295a 4500
001 EIQ.libpla001965
008 070316s1978####xxua##########000#0#eng#d
005 20070316175524.0
245 1 0 |a API specification for pipeline valves /  |c American Petroleum Institute. 
250 |a 17th ed. 
260 |a Washington, D.C. :  |b API,  |c 1978. 
300 |a [20] h. :  |b il. ;  |c 26 cm. 
440 0 |a Spec 6D 
500 |a "Supplement 1 to API Spec 6D (seventeenth edition)". 
246 3 0 |a Specification for pipeline valves 
650 4 |a Petróleo  |x Tuberías. 
650 4 |a Petróleo  |x Normas. 
650 4 |a Petroleum  |x Pipes. 
650 4 |a Petroleum  |x Norms. 
040 |a AR-BbSID  |b spa  |c AR-BbSID 
110 2 |a American Petroleum Institute. 
859 |a AR-BbSID  |b BIB. PLAPIQUI  |h 621.867 2  |i Am 35p  |k R  |p 2979